000 02024cam a22001814a 4500
005 20250605164144.0
008 250528s ||||||||||||||||||||||||d
035 _a19070
040 _aGR-AtMCL
_bgre
_dGR-AtMCL
_eAACR2
245 1 _aΑστικός Κώδικας και Εισαγωγικός Νόμος / Κριτική Έκδοση
260 _bΑντ. Ν. Σάκκουλα,
_c1987
300 _a886
520 _aΟι Κανόνες του Δικαίου Γενικά, Ιδιωτικό Διεθνές Δίκαιο, Φυσικό Πρόσωπο, Νομικά Πρόσωπα, Δικαιοπραξίες, Αιρέσεις και Προθεσμίες, Αντιπροσώπευση και Πληρεξουσιότητα, Συναίνεση και Έγκριση, Προθεσμίες, Παραγραφή και Αποσβεστική Προθεσμία, Άσκηση Δικαιωμάτων και Αυτοδικία και Άμυνα και Κατάσταση Ανάγκης, Ενοχικό Δίκαιο, Υπερημερία του Δανειστή, Ενοχές από Σύμβαση Γενικά, Συμβατική Υπαναχώρηση, Απόσβεση των Ενοχών, Εκχώρηση, Δωρεά, Σύμβαση Εργασίας, Μεσητεία, Προκήρυξη, Εντολή, Εταιρία, Κοινωνία, Δάνειο, Εμπράγματο Δίκαιο, Νομή, Συγκυριότητα, Μεταγραφή, Ενέχυρο, Υποθήκη, Οικογενειακό Δίκαιο, Μνηστεία, Γάμος, Συγγένεια, Διαζύγιο, Υιοθεσία, Κληρονομικό Δίκαιο, Νόμιμη Μοίρα, Κληρονομική Αναξιότητα, Συνεισφορά, Κληρονομητήριο, Κληροδοσίες, Εισαγωγικός Νόμος του Αστικού Κώδικα, Ειδικοί Νόμοι, Πίνακας Περιεχομένων.
700 1 _aΣπυριδάκης Ι. Σ
_95333
942 _cBK
999 _c4353
_d4353